| 000 | 004870000a22001810004500 | ||
|---|---|---|---|
| 003 | MACL | ||
| 005 | 20151013155126.0 | ||
| 008 | 151013b xxu||||| |||| 00| 0 eng d | ||
| 040 |
_aMACL _cMACL |
||
| 041 | _aEnglish | ||
| 082 | _a920/DAT | ||
| 100 |
_aIslam, Muhammad Saiful _914655 |
||
| 245 |
_aAkshayKumar Datta _bThe First Social Scientist in Bengal |
||
| 260 |
_bRenaissance Publishers _c2009 _aKolkata |
||
| 350 | _a150 | ||
| 650 |
_aBiography _914656 |
||
| 942 |
_cBK _k920/DAT _2ddc |
||
| 999 |
_c42576 _d42576 |
||